Statistiche per Capitali e Iniziali degli Stati - Quiz n°18

Clicka qui per fare il quiz!

Statistiche generali

  • Questo quiz è stato fatto 2 volte
  • Il punteggio medio è 7 su 10

Statistiche sulle risposte

HintRisposta% Corretto
TiranaA
100%
Buenos AiresA
100%
AteneG
100%
GiacartaI
100%
BudapestU
100%
Tarawa SudK
50%
MascateO
50%
KhartumS
50%
BasseterreS
0%
LubianaS
0%

Distribuzione punteggi

Percentile per numero di risposta

Percentuale di utenti per punteggio

I tuoi punteggi nel tempo

Non hai fatto questo quiz